[Event "EWIRCC 2019"]
[Site "Monte-Carlo"]
[Date "2019.12.01"]
[Round "6.20"]
[White "Andric, Jelena"]
[Black "Ovod, Evgenija"]
[Result "0-1"]
[WhiteElo "2076"]
[BlackElo "2347"]
[Annotator "NA"]
[PlyCount "130"]
[EventDate "2019.11.28"]
[EventType "swiss"]
[EventCountry "MNC"]
[SourceTitle "playchess.com"]
[Source "ChessBase"]
[SourceQuality "1"]
[TimeControl "5400+30"]

1. c4 {[%emt 1:15:11]} e6 {[%emt 1:15:12]} 2. Nf3 {[%emt 0:00:27]} d5 {[%emt 0:00:21]} 3. g3 {[%emt 0:00:40]} dxc4 {[%emt 0:00:27]} 4. Bg2 {[%emt 0:00:56]} Nf6 {[%emt 0:00:28]} 5. Qa4+ {[%emt 0:01:19]} Nbd7 {[%emt 0:00:22]} 6. Qxc4 {[%emt 0:00:29]} c5 {[%emt 0:00:22]} 7. O-O {[%emt 0:00:53]} b6 {[%emt 0:00:28]} 8. b3 {[%emt 0:00:45]} Bb7 {[%emt 0:00:28]} 9. Bb2 {[%emt 0:00:45]} Rc8 {[%emt 0:01:09]} 10. d3 {[%emt 0:00:46]} Bd6 {[%emt 0:00:47]} 11. Nbd2 {[%emt 0:00:34]} O-O {[%emt 0:00:25]} 12. Rac1 {[%emt 0:00:41]} Qe7 {[%emt 0:01:20]} 13. Qc2 {[%emt 0:00:53]} b5 {[%emt 0:00:34]} 14. Qb1 {[%emt 0:00:42]} Rfd8 {[%emt 0:01:28]} 15. Qa1 {[%emt 0:00:39]} a6 {[%emt 0:13:39]} 16. e4 {[%emt 0:01:45]} e5 {[%emt 0:00:00]} 17. Nh4 {[%emt 0:02:26]} g6 {[%emt 0:00:00]} 18. Bh3 {[%emt 0:00:34]} Rb8 {[%emt 0:00:00]} 19. Ng2 {[%emt 0:00:41]} Nf8 {[%emt 0:00:00]} 20. f4 {[%emt 0:01:03]} N6d7 {[%emt 0:00:00]} 21. Nf3 {[%emt 0:00:59]} f6 {[%emt 0:00:00]} 22. Rc2 {[%emt 0:01:23]} Ne6 {[%emt 0:00:00]} 23. fxe5 {[%emt 0:01:00]} fxe5 {[%emt 0:00:00]} 24. Bxe6+ {[%emt 0:01:30]} Qxe6 {[%emt 0:00:00]} 25. Ng5 {[%emt 0:00:32]} Qe7 {[%emt 0:00:00]} 26. Nf7 {[%emt 0:01:12]} Rf8 {[%emt 0:00:00]} 27. Nxd6 {[%emt 0:00:53]} Qxd6 {[%emt 0:00:07]} 28. Rd2 {[%emt 0:01:34]} Rxf1+ {[%emt 0:01:21]} 29. Qxf1 {[%emt 0:00:21]} Bxe4 {[%emt 0:00:23]} 30. Qe2 {[%emt 0:00:46]} Bc6 {[%emt 0:00:30]} 31. Ne3 {[%emt 0:00:32]} Rf8 {[%emt 0:00:38]} 32. Qe1 {[%emt 0:00:37]} h5 {[%emt 0:01:16]} 33. Bc3 {[%emt 0:01:00]} Kh7 {[%emt 0:01:02]} 34. a3 {[%emt 0:00:21]} Qe6 {[%emt 0:01:03]} 35. b4 {[%emt 0:00:44]} Qb3 {[%emt 0:00:35]} 36. Rb2 {[%emt 0:00:42]} Qe6 {[%emt 0:00:48]} 37. Rf2 {[%emt 0:00:34]} Rxf2 {[%emt 0:01:31]} 38. Qxf2 {[%emt 0:00:20]} Kg7 {[%emt 0:00:46]} 39. Qb2 {[%emt 0:00:56]} Kf7 {[%emt 0:00:52]} 40. Qf2+ {[%emt 0:00:21]} Ke8 {[%emt 0:00:23]} 41. Qb2 {[%emt 0:00:40]} Bb7 {[%emt 0:00:26]} 42. Qf2 {[%emt 0:00:34]} Qc6 {[%emt 0:00:28]} 43. Kf1 {[%emt 0:00:32]} Qd6 {[%emt 0:00:51]} 44. Ke2 {[%emt 0:01:48]} Qe6 {[%emt 0:00:26]} 45. Kd2 {[%emt 0:00:00]} cxb4 {[%emt 0:01:06]} 46. Bxb4 {[%emt 0:00:00]} Nf6 {[%emt 0:00:27]} 47. Qe1 {[%emt 0:00:50]} Kd7 {[%emt 0:00:28]} 48. Nc2 {[%emt 0:00:34]} Nd5 {[%emt 0:00:30]} 49. Qe4 {[%emt 0:00:28]} Bc6 {[%emt 0:00:27]} 50. Qe2 {[%emt 0:00:46]} Qf5 {[%emt 0:00:44]} 51. Ba5 {[%emt 0:00:25]} Nf6 {[%emt 0:00:34]} 52. Ne3 {[%emt 0:00:24]} Qe6 {[%emt 0:00:23]} 53. Nc2 {[%emt 0:00:38]} e4 {[%emt 0:00:26]} 54. d4 {[%emt 0:00:40]} Qd5 {[%emt 0:00:41]} 55. Bc3 {[%emt 0:00:26]} Qb3 {[%emt 0:00:31]} 56. Ne3 {[%emt 0:00:32]} Qxa3 {[%emt 0:00:25]} 57. d5 {[%emt 0:00:29]} Qa2+ {[%emt 0:00:24]} 58. Nc2 {[%emt 0:00:23]} Nxd5 {[%emt 0:00:25]} 59. Bg7 {[%emt 0:00:37]} Nb4 {[%emt 0:00:33]} 60. Kc1 {[%emt 0:00:35]} Qxc2+ {[%emt 0:00:25]} 61. Qxc2 {[%emt 0:00:21]} Nxc2 {[%emt 0:00:21]} 62. Kxc2 {[%emt 0:00:20]} a5 {[%emt 0:00:22]} 63. Kb3 {[%emt 0:00:25]} Kd6 {[%emt 0:00:25]} 64. Bf8+ {[%emt 0:00:28]} Ke5 {[%emt 0:00:24]} 65. Bg7+ {[%emt 0:00:23]} Kd5 {[%emt 0:00:22]} 0-1

[Event "EWIRCC 2019"]
[Site "Monte-Carlo"]
[Date "2019.12.01"]
[Round "7.1"]
[White "Batsiashvili, Nino"]
[Black "Rogule, Laura"]
[Result "1-0"]
[WhiteElo "2422"]
[BlackElo "2293"]
[Annotator "NA"]
[PlyCount "67"]
[EventDate "2019.11.28"]
[EventType "swiss"]
[EventCountry "MNC"]
[SourceTitle "playchess.com"]
[Source "ChessBase"]
[SourceQuality "1"]
[TimeControl "5400+30"]

1. c4 {[%emt 1:15:12]} e5 {[%emt 1:15:20]} 2. Nc3 {[%emt 0:00:23]} Nf6 {[%emt 0:00:31]} 3. Nf3 {[%emt 0:00:21]} Nc6 {[%emt 0:00:36]} 4. e4 {[%emt 0:00:21]} Bb4 {[%emt 0:02:18]} 5. d3 {[%emt 0:00:22]} d6 {[%emt 0:00:26]} 6. a3 {[%emt 0:00:24]} Bc5 {[%emt 0:00:51]} 7. b4 {[%emt 0:00:22]} Bb6 {[%emt 0:01:24]} 8. Na4 {[%emt 0:00:23]} h6 {[%emt 0:01:37]} 9. Nxb6 {[%emt 0:01:14]} axb6 {[%emt 0:00:22]} 10. b5 {[%emt 0:00:35]} Ne7 {[%emt 0:00:52]} 11. g3 {[%emt 0:00:25]} Be6 {[%emt 0:00:58]} 12. Bg2 {[%emt 0:00:35]} Qd7 {[%emt 0:00:49]} 13. O-O {[%emt 0:01:57]} O-O {[%emt 0:00:54]} 14. Nh4 {[%emt 0:01:24]} Bh3 {[%emt 0:01:11]} 15. f4 {[%emt 0:00:21]} Bxg2 {[%emt 0:00:34]} 16. Kxg2 {[%emt 0:00:22]} Nh7 {[%emt 0:05:53]} 17. f5 {[%emt 0:02:01]} f6 {[%emt 0:00:22]} 18. Nf3 {[%emt 0:01:53]} Ra5 {[%emt 0:01:47]} 19. Rb1 {[%emt 0:00:42]} Rfa8 {[%emt 0:00:36]} 20. h4 {[%emt 0:00:21]} d5 {[%emt 0:00:53]} 21. cxd5 {[%emt 0:00:55]} Rxb5 {[%emt 0:00:22]} 22. Rxb5 {[%emt 0:01:20]} Qxb5 {[%emt 0:00:21]} 23. d4 {[%emt 0:00:21]} exd4 {[%emt 0:00:34]} 24. Nxd4 {[%emt 0:00:24]} Qc4 {[%emt 0:00:32]} 25. Re1 {[%emt 0:01:12]} Nf8 {[%emt 0:00:58]} 26. Ne6 {[%emt 0:00:42]} b5 {[%emt 0:01:17]} 27. Qg4 {[%emt 0:01:47]} Nxe6 28. dxe6 {[%emt 0:00:21]} Kh7 {[%emt 0:01:19]} 29. Qh5 {[%emt 0:01:12]} Nc6 {[%emt 0:00:36]} 30. Bxh6 {[%emt 0:00:38]} gxh6 {[%emt 0:00:25]} 31. Qg6+ {[%emt 0:00:30]} Kh8 {[%emt 0:00:21]} 32. Qxf6+ {[%emt 0:00:24]} Kg8 {[%emt 0:00:32]} 33. Qg6+ {[%emt 0:00:26]} Kh8 {[%emt 0:00:22]} 34. f6 {[%emt 0:00:39]} 1-0

[Event "EWIRCC 2019"]
[Site "Monte-Carlo"]
[Date "2019.12.01"]
[Round "7.2"]
[White "Girya, Olga"]
[Black "Cramling, Pia"]
[Result "1-0"]
[WhiteElo "2476"]
[BlackElo "2443"]
[Annotator "ChessBase"]
[PlyCount "101"]
[EventDate "2019.11.28"]
[EventType "swiss"]
[EventCountry "MNC"]
[SourceTitle "playchess.com"]
[Source "ChessBase"]
[SourceQuality "1"]
[TimeControl "5400+30"]

1. d4 {[%emt 1:15:11]} Nf6 {[%emt 1:15:11]} 2. c4 {[%emt 0:00:22]} e6 {[%emt 0:00:21]} 3. Nf3 {[%emt 0:00:21]} d5 {[%emt 0:00:21]} 4. Nc3 {[%emt 0:00:21]} dxc4 {[%emt 0:00:21]} 5. e3 {[%emt 0:00:25]} a6 {[%emt 0:00:23]} 6. Bxc4 {[%emt 0:00:22]} b5 {[%emt 0:00:32]} 7. Be2 {[%emt 0:00:23]} c5 {[%emt 0:00:28]} 8. O-O {[%emt 0:00:33]} Bb7 {[%emt 0:00:24]} 9. dxc5 {[%emt 0:00:34]} Qxd1 {[%emt 0:00:27]} 10. Rxd1 {[%emt 0:00:22]} Bxc5 {[%emt 0:00:27]} 11. Nd4 {[%emt 0:01:20]} Nbd7 {[%emt 0:00:43]} 12. Nb3 {[%emt 0:01:07]} Bb6 {[%emt 0:00:28]} 13. a4 {[%emt 0:00:42]} b4 {[%emt 0:00:37]} 14. a5 {[%emt 0:00:22]} Ba7 {[%emt 0:02:05]} 15. Na2 {[%emt 0:01:50]} Bd5 {[%emt 0:01:10]} 16. Nd4 {[%emt 0:01:42]} Bc5 {[%emt 0:00:31]} 17. Bd2 {[%emt 0:01:15]} e5 {[%emt 0:04:14]} 18. Nf5 {[%emt 0:01:06]} g6 {[%emt 0:00:26]} 19. Ng3 {[%emt 0:00:28]} b3 {[%emt 0:00:39]} 20. Nb4 {[%emt 0:02:34]} Bb7 {[%emt 0:00:22]} 21. Bc4 {[%emt 0:00:58]} h5 {[%emt 0:00:30]} 22. h4 {[%emt 0:02:10]} Be7 {[%emt 0:03:06]} 23. Bxb3 {[%emt 0:00:53]} O-O {[%emt 0:00:36]} 24. Bc3 {[%emt 0:00:51]} Nc5 {[%emt 0:01:53]} 25. Bd5 {[%emt 0:02:43]} Nxd5 {[%emt 0:01:10]} 26. Nxd5 {[%emt 0:00:22]} Bxh4 {[%emt 0:00:36]} 27. Bxe5 {[%emt 0:00:40]} Rfd8 {[%emt 0:01:30]} 28. Nf6+ {[%emt 0:01:53]} Kf8 {[%emt 0:01:20]} 29. Bd6+ {[%emt 0:00:23]} Kg7 {[%emt 0:00:39]} 30. Nfxh5+ {[%emt 0:00:29]} gxh5 {[%emt 0:00:23]} 31. Nf5+ {[%emt 0:00:46]} Kh7 {[%emt 0:00:21]} 32. Bxc5 {[%emt 0:00:53]} Bf6 {[%emt 0:00:21]} 33. Bd4 {[%emt 0:00:55]} Kg6 {[%emt 0:00:36]} 34. Bxf6 {[%emt 0:01:01]} Rxd1+ {[%emt 0:00:28]} 35. Rxd1 {[%emt 0:00:22]} Kxf5 {[%emt 0:00:21]} 36. Rd7 {[%emt 0:00:55]} Bc6 {[%emt 0:02:26]} 37. Rxf7 {[%emt 0:00:24]} Bd5 {[%emt 0:00:45]} 38. Rd7 {[%emt 0:00:32]} Be6 {[%emt 0:01:16]} 39. Rd8 {[%emt 0:00:21]} Rxd8 {[%emt 0:00:43]} 40. Bxd8 {[%emt 0:00:21]} Ke4 {[%emt 0:00:30]} 41. Kh2 {[%emt 0:00:23]} Bd7 {[%emt 0:00:26]} 42. Kg3 {[%emt 0:00:31]} Bb5 {[%emt 0:00:27]} 43. Bb6 {[%emt 0:00:27]} Bf1 {[%emt 0:00:24]} 44. f3+ {[%emt 0:00:24]} Kf5 {[%emt 0:00:21]} 45. e4+ {[%emt 0:00:24]} Ke5 {[%emt 0:00:32]} 46. Kf2 {[%emt 0:00:21]} Bc4 {[%emt 0:00:21]} 47. Ke3 {[%emt 0:00:22]} Bf1 {[%emt 0:00:23]} 48. f4+ {[%emt 0:00:21]} Kf6 {[%emt 0:00:23]} 49. Bd4+ {[%emt 0:00:23]} Kf7 {[%emt 0:00:24]} 50. g3 {[%emt 0:00:25]} Bg2 {[%emt 0:00:23]} 51. f5 {[%emt 0:00:23]} 1-0

[Event "EWIRCC 2019"]
[Site "Monte-Carlo"]
[Date "2019.12.01"]
[Round "7.3"]
[White "Muzychuk, Anna"]
[Black "Zhukova, Natalia"]
[Result "1/2-1/2"]
[WhiteElo "2543"]
[BlackElo "2323"]
[Annotator "ChessBase"]
[PlyCount "69"]
[EventDate "2019.11.28"]
[EventType "swiss"]
[EventCountry "MNC"]
[SourceTitle "playchess.com"]
[Source "ChessBase"]
[SourceQuality "1"]
[TimeControl "5400+30"]

1. e4 {[%emt 1:15:11]} e5 {[%emt 1:15:12]} 2. Nf3 {[%emt 0:00:23]} Nc6 {[%emt 0:00:22]} 3. Nc3 {[%emt 0:00:23]} Nf6 {[%emt 0:00:22]} 4. Bb5 {[%emt 0:00:22]} Nd4 {[%emt 0:00:23]} 5. Bc4 {[%emt 0:00:37]} Bc5 {[%emt 0:00:29]} 6. d3 {[%emt 0:01:35]} c6 {[%emt 0:01:22]} 7. Bg5 {[%emt 0:02:41]} O-O {[%emt 0:06:50]} 8. Nxe5 {[%emt 0:04:17]} d6 {[%emt 0:01:15]} 9. Nf3 {[%emt 0:01:34]} Bg4 {[%emt 0:01:04]} 10. h3 {[%emt 0:00:30]} Bxf3 {[%emt 0:00:49]} 11. gxf3 {[%emt 0:00:21]} b5 {[%emt 0:01:44]} 12. Bb3 {[%emt 0:00:21]} a5 {[%emt 0:00:36]} 13. a4 {[%emt 0:00:27]} b4 {[%emt 0:02:00]} 14. Nb1 {[%emt 0:00:27]} Nxb3 {[%emt 0:00:22]} 15. cxb3 {[%emt 0:00:21]} Bd4 {[%emt 0:00:21]} 16. Qc2 {[%emt 0:00:56]} Qb6 {[%emt 0:00:24]} 17. O-O {[%emt 0:01:21]} Nh5 {[%emt 0:00:36]} 18. Be7 {[%emt 0:02:55]} Rfe8 {[%emt 0:00:47]} 19. Bxd6 {[%emt 0:00:24]} Re6 {[%emt 0:00:21]} 20. Bh2 {[%emt 0:00:29]} Rg6+ {[%emt 0:00:21]} 21. Kh1 {[%emt 0:00:21]} c5 {[%emt 0:00:20]} 22. f4 {[%emt 0:00:34]} Qf6 {[%emt 0:03:54]} 23. f5 {[%emt 0:01:11]} Rh6 {[%emt 0:00:21]} 24. Qe2 {[%emt 0:01:07]} Be5 {[%emt 0:01:17]} 25. f4 {[%emt 0:00:40]} Nxf4 {[%emt 0:00:47]} 26. Rxf4 {[%emt 0:01:37]} Rxh3 {[%emt 0:00:29]} 27. Rf2 {[%emt 0:00:26]} Rd8 {[%emt 0:00:28]} 28. Nd2 {[%emt 0:00:22]} Rdxd3 {[%emt 0:00:24]} 29. Nf1 {[%emt 0:00:25]} Qh6 {[%emt 0:00:25]} 30. Rd1 {[%emt 0:00:26]} Rxd1 {[%emt 0:00:26]} 31. Qxd1 {[%emt 0:00:20]} Bd4 {[%emt 0:00:24]} 32. Rg2 {[%emt 0:00:30]} Qf4 {[%emt 0:00:30]} 33. Ng3 {[%emt 0:00:42]} g6 {[%emt 0:00:29]} 34. fxg6 {[%emt 0:00:32]} hxg6 {[%emt 0:00:21]} 35. Ne2 {[%emt 0:01:44]} 1/2-1/2

[Event "EWIRCC 2019"]
[Site "Monte-Carlo"]
[Date "2019.12.01"]
[Round "7.4"]
[White "Mkrtchian, Lilit"]
[Black "Kosteniuk, Alexandra"]
[Result "0-1"]
[WhiteElo "2402"]
[BlackElo "2483"]
[Annotator "ChessBase"]
[PlyCount "78"]
[EventDate "2019.11.28"]
[EventType "swiss"]
[EventCountry "MNC"]
[SourceTitle "playchess.com"]
[Source "ChessBase"]
[SourceQuality "1"]
[TimeControl "5400+30"]

1. Nf3 {[%emt 1:15:17]} Nf6 {[%emt 1:16:09]} 2. c4 {[%emt 0:00:29]} b6 {[%emt 0:00:22]} 3. d4 {[%emt 0:00:54]} e6 {[%emt 0:00:22]} 4. a3 {[%emt 0:00:55]} Bb7 {[%emt 0:00:22]} 5. Nc3 {[%emt 0:00:22]} d5 {[%emt 0:00:21]} 6. Bg5 {[%emt 0:01:12]} Be7 {[%emt 0:01:45]} 7. Bxf6 {[%emt 0:00:26]} Bxf6 {[%emt 0:00:24]} 8. cxd5 {[%emt 0:00:22]} exd5 {[%emt 0:00:24]} 9. g3 {[%emt 0:00:22]} O-O {[%emt 0:00:56]} 10. Bg2 {[%emt 0:00:22]} Re8 {[%emt 0:00:29]} 11. O-O {[%emt 0:00:30]} Nd7 {[%emt 0:00:25]} 12. Rc1 {[%emt 0:00:56]} c5 {[%emt 0:01:33]} 13. dxc5 {[%emt 0:04:00]} Nxc5 {[%emt 0:00:30]} 14. Nd4 {[%emt 0:00:30]} Bxd4 {[%emt 0:00:34]} 15. Qxd4 {[%emt 0:00:24]} Nb3 {[%emt 0:00:21]} 16. Qd3 {[%emt 0:01:04]} Nxc1 17. Rxc1 {[%emt 0:00:21]} Rc8 {[%emt 0:01:33]} 18. Rd1 {[%emt 0:00:26]} Qf6 {[%emt 0:02:36]} 19. e3 {[%emt 0:01:20]} h6 {[%emt 0:01:52]} 20. Qb5 {[%emt 0:01:23]} Red8 {[%emt 0:00:59]} 21. Rd4 {[%emt 0:00:33]} Rc5 {[%emt 0:00:40]} 22. Qa4 {[%emt 0:00:23]} a6 {[%emt 0:01:30]} 23. Bf1 {[%emt 0:01:13]} b5 {[%emt 0:00:59]} 24. Qd1 {[%emt 0:00:33]} Rdc8 {[%emt 0:00:32]} 25. Qd2 {[%emt 0:02:19]} Qb6 {[%emt 0:00:59]} 26. h4 {[%emt 0:01:48]} Qc7 {[%emt 0:00:59]} 27. Bh3 {[%emt 0:01:24]} Re8 {[%emt 0:00:22]} 28. Bf1 {[%emt 0:00:34]} Re6 {[%emt 0:01:02]} 29. Bd3 {[%emt 0:00:32]} Re5 {[%emt 0:00:46]} 30. Ne2 {[%emt 0:01:46]} Bc8 {[%emt 0:00:49]} 31. Rf4 {[%emt 0:01:11]} Re8 {[%emt 0:01:28]} 32. Nc3 {[%emt 0:01:11]} Be6 {[%emt 0:00:42]} 33. Bb1 {[%emt 0:00:32]} Rc8 {[%emt 0:00:31]} 34. Qd3 {[%emt 0:00:31]} Rxc3 {[%emt 0:00:51]} 35. Qh7+ {[%emt 0:00:29]} Kf8 {[%emt 0:00:21]} 36. bxc3 {[%emt 0:00:24]} Qxc3 {[%emt 0:00:21]} 37. Kg2 {[%emt 0:00:56]} Qe1 {[%emt 0:01:51]} 38. Bf5 {[%emt 0:00:49]} Rc1 {[%emt 0:00:21]} 39. g4 {[%emt 0:00:35]} Qh1+ {[%emt 0:00:25]} 0-1

[Event "EWIRCC 2019"]
[Site "Monte-Carlo"]
[Date "2019.12.01"]
[Round "7.5"]
[White "Muzychuk, Mariya"]
[Black "Worek, Joanna"]
[Result "1-0"]
[WhiteElo "2552"]
[BlackElo "2316"]
[Annotator "ChessBase"]
[PlyCount "73"]
[EventDate "2019.11.28"]
[EventType "swiss"]
[EventCountry "MNC"]
[SourceTitle "playchess.com"]
[Source "ChessBase"]
[SourceQuality "1"]
[TimeControl "5400+30"]

1. e4 {[%emt 1:15:11]} c5 {[%emt 1:15:11]} 2. Nf3 {[%emt 0:00:21]} Nc6 {[%emt 0:00:21]} 3. Bb5 {[%emt 0:00:24]} g6 {[%emt 0:00:22]} 4. O-O {[%emt 0:00:41]} Bg7 {[%emt 0:00:24]} 5. c3 {[%emt 0:00:21]} Qb6 {[%emt 0:01:29]} 6. Bc4 {[%emt 0:00:42]} e6 {[%emt 0:01:00]} 7. Re1 {[%emt 0:01:43]} Nge7 {[%emt 0:00:22]} 8. e5 {[%emt 0:00:57]} d5 {[%emt 0:04:13]} 9. exd6 {[%emt 0:01:04]} Nf5 {[%emt 0:00:21]} 10. d3 {[%emt 0:00:49]} Nxd6 {[%emt 0:00:36]} 11. Bb3 {[%emt 0:00:21]} O-O {[%emt 0:00:28]} 12. Bf4 {[%emt 0:00:32]} Na5 {[%emt 0:02:10]} 13. Nbd2 {[%emt 0:01:55]} Rd8 {[%emt 0:00:55]} 14. Qe2 {[%emt 0:01:46]} Nxb3 {[%emt 0:01:55]} 15. Nxb3 {[%emt 0:01:29]} a5 {[%emt 0:00:51]} 16. Be3 {[%emt 0:00:56]} a4 {[%emt 0:00:51]} 17. Nxc5 {[%emt 0:00:49]} Qc6 {[%emt 0:00:39]} 18. d4 {[%emt 0:02:29]} b6 {[%emt 0:00:22]} 19. Nd3 {[%emt 0:00:22]} Bb7 {[%emt 0:00:48]} 20. Nb4 {[%emt 0:01:26]} Qc7 {[%emt 0:00:26]} 21. Bg5 {[%emt 0:00:46]} Re8 {[%emt 0:00:51]} 22. Bf4 {[%emt 0:00:32]} Qe7 {[%emt 0:00:26]} 23. d5 {[%emt 0:01:05]} Qf8 {[%emt 0:00:59]} 24. Qd3 {[%emt 0:00:57]} exd5 {[%emt 0:03:10]} 25. Nxd5 {[%emt 0:00:23]} a3 {[%emt 0:00:58]} 26. bxa3 {[%emt 0:01:33]} Nf5 {[%emt 0:00:40]} 27. Rxe8 {[%emt 0:02:57]} Rxe8 {[%emt 0:00:22]} 28. Rd1 {[%emt 0:00:38]} Qxa3 {[%emt 0:00:28]} 29. Nxb6 {[%emt 0:00:25]} Qxc3 {[%emt 0:01:55]} 30. Qxc3 {[%emt 0:00:49]} Bxc3 {[%emt 0:00:21]} 31. Nd5 {[%emt 0:00:32]} Bxd5 {[%emt 0:00:57]} 32. Rxd5 {[%emt 0:00:21]} Nd4 {[%emt 0:00:24]} 33. Be3 {[%emt 0:00:40]} Nxf3+ {[%emt 0:00:31]} 34. gxf3 {[%emt 0:00:21]} Ra8 {[%emt 0:00:20]} 35. Rc5 {[%emt 0:00:25]} Bb2 {[%emt 0:00:32]} 36. Rc2 {[%emt 0:00:39]} Rxa2 {[%emt 0:01:04]} 37. Kg2 {[%emt 0:00:28]} 1-0

[Event "EWIRCC 2019"]
[Site "Monte-Carlo"]
[Date "2019.12.01"]
[Round "7.6"]
[White "Stefanova, Antoaneta"]
[Black "Daulyte-Cornette, Deimante"]
[Result "1-0"]
[WhiteElo "2481"]
[BlackElo "2405"]
[Annotator "ChessBase"]
[PlyCount "61"]
[EventDate "2019.11.28"]
[EventType "swiss"]
[EventCountry "MNC"]
[SourceTitle "playchess.com"]
[Source "ChessBase"]
[SourceQuality "1"]
[TimeControl "5400+30"]

1. Nf3 {[%emt 1:15:12]} Nf6 {[%emt 1:15:13]} 2. g3 {[%emt 0:00:20]} b6 {[%emt 0:00:32]} 3. Bg2 {[%emt 0:00:23]} Bb7 {[%emt 0:00:22]} 4. O-O {[%emt 0:00:23]} g6 {[%emt 0:00:28]} 5. d3 {[%emt 0:01:09]} Bg7 {[%emt 0:00:38]} 6. e4 {[%emt 0:00:22]} d6 {[%emt 0:00:31]} 7. Nh4 {[%emt 0:02:11]} Qc8 {[%emt 0:03:44]} 8. f4 {[%emt 0:00:49]} Nbd7 {[%emt 0:00:43]} 9. Nc3 {[%emt 0:01:40]} c5 {[%emt 0:00:35]} 10. g4 {[%emt 0:00:51]} h6 {[%emt 0:03:13]} 11. h3 {[%emt 0:01:36]} a6 {[%emt 0:00:41]} 12. a4 {[%emt 0:00:21]} Qc7 {[%emt 0:01:12]} 13. Qe1 {[%emt 0:01:14]} O-O-O {[%emt 0:01:03]} 14. Rb1 {[%emt 0:03:31]} e6 {[%emt 0:01:42]} 15. Be3 {[%emt 0:00:30]} d5 {[%emt 0:01:25]} 16. g5 {[%emt 0:03:22]} d4 {[%emt 0:00:29]} 17. gxf6 {[%emt 0:00:22]} Bxf6 {[%emt 0:00:37]} 18. Bd2 {[%emt 0:03:05]} dxc3 {[%emt 0:00:24]} 19. bxc3 {[%emt 0:00:40]} g5 {[%emt 0:00:32]} 20. fxg5 {[%emt 0:00:40]} hxg5 {[%emt 0:00:53]} 21. Rxf6 {[%emt 0:00:27]} Nxf6 {[%emt 0:00:37]} 22. Bxg5 {[%emt 0:00:21]} Nd7 {[%emt 0:03:32]} 23. Bxd8 {[%emt 0:00:30]} Qxd8 {[%emt 0:00:21]} 24. Nf3 {[%emt 0:00:22]} f5 {[%emt 0:01:01]} 25. Qe3 {[%emt 0:00:35]} Qf6 {[%emt 0:00:52]} 26. c4 {[%emt 0:01:31]} fxe4 {[%emt 0:00:30]} 27. dxe4 {[%emt 0:00:21]} Qg6 {[%emt 0:00:24]} 28. Rd1 {[%emt 0:00:48]} Rxh3 {[%emt 0:01:21]} 29. Rxd7 {[%emt 0:00:30]} Rxf3 {[%emt 0:00:38]} 30. Qd2 {[%emt 0:00:26]} Rf8 {[%emt 0:00:24]} 31. Qd6 {[%emt 0:00:24]} 1-0

[Event "EWIRCC 2019"]
[Site "Monte-Carlo"]
[Date "2019.12.01"]
[Round "7.7"]
[White "Bulmaga, Irina"]
[Black "Gaponenko, Inna"]
[Result "1/2-1/2"]
[WhiteElo "2435"]
[BlackElo "2427"]
[Annotator "NA"]
[PlyCount "130"]
[EventDate "2019.11.28"]
[EventType "swiss"]
[EventCountry "MNC"]
[SourceTitle "playchess.com"]
[Source "ChessBase"]
[SourceQuality "1"]
[TimeControl "5400+30"]

1. e4 {[%emt 1:15:12]} d6 {[%emt 1:15:11]} 2. d4 {[%emt 0:00:22]} Nf6 {[%emt 0:00:21]} 3. Nc3 {[%emt 0:00:22]} g6 {[%emt 0:00:21]} 4. f4 {[%emt 0:00:23]} Bg7 {[%emt 0:00:21]} 5. Nf3 {[%emt 0:00:22]} O-O {[%emt 0:00:22]} 6. e5 {[%emt 0:00:27]} dxe5 {[%emt 0:00:21]} 7. fxe5 {[%emt 0:00:23]} Nd5 {[%emt 0:00:22]} 8. Bc4 {[%emt 0:00:26]} Nxc3 {[%emt 0:00:22]} 9. bxc3 {[%emt 0:00:22]} c5 {[%emt 0:00:23]} 10. O-O {[%emt 0:00:27]} Bg4 {[%emt 0:00:35]} 11. Be3 {[%emt 0:02:41]} Nc6 {[%emt 0:00:22]} 12. h3 {[%emt 0:00:37]} Bxf3 {[%emt 0:00:24]} 13. Rxf3 {[%emt 0:00:47]} Qa5 {[%emt 0:01:57]} 14. Qf1 {[%emt 0:04:55]} Qxc3 {[%emt 0:03:40]} 15. Bf2 {[%emt 0:00:23]} Qa5 {[%emt 0:05:59]} 16. Bxf7+ {[%emt 0:01:43]} Kh8 {[%emt 0:00:44]} 17. c3 {[%emt 0:00:31]} Rad8 {[%emt 0:05:22]} 18. Rd1 {[%emt 0:01:32]} Qc7 {[%emt 0:00:46]} 19. h4 {[%emt 0:01:27]} cxd4 {[%emt 0:01:02]} 20. cxd4 {[%emt 0:00:23]} Nb4 {[%emt 0:00:21]} 21. h5 {[%emt 0:01:14]} gxh5 {[%emt 0:00:21]} 22. Be1 {[%emt 0:02:08]} Nc6 {[%emt 0:00:42]} 23. Bf2 {[%emt 0:00:43]} Nb4 {[%emt 0:00:29]} 24. a3 {[%emt 0:00:53]} Nd5 {[%emt 0:00:42]} 25. Bxd5 {[%emt 0:00:48]} Rxd5 {[%emt 0:00:21]} 26. Rxf8+ {[%emt 0:00:26]} Bxf8 {[%emt 0:00:21]} 27. Bh4 {[%emt 0:00:48]} Rd8 {[%emt 0:00:56]} 28. Qf7 {[%emt 0:00:59]} Qd7 {[%emt 0:00:33]} 29. Rd3 {[%emt 0:01:21]} Qd5 {[%emt 0:00:33]} 30. Qxd5 {[%emt 0:01:25]} Rxd5 {[%emt 0:00:21]} 31. Kf2 {[%emt 0:00:21]} Kg8 {[%emt 0:00:35]} 32. Ke3 {[%emt 0:00:23]} Kf7 {[%emt 0:00:21]} 33. Ke4 {[%emt 0:00:25]} e6 {[%emt 0:00:33]} 34. Rf3+ {[%emt 0:00:35]} Kg8 {[%emt 0:00:41]} 35. Rf6 {[%emt 0:00:28]} Ra5 {[%emt 0:00:28]} 36. Rxe6 {[%emt 0:00:24]} Rxa3 {[%emt 0:00:24]} 37. Re8 {[%emt 0:00:29]} Kf7 {[%emt 0:00:24]} 38. Rc8 {[%emt 0:00:29]} Bb4 {[%emt 0:00:47]} 39. Rc7+ {[%emt 0:00:27]} Kg6 {[%emt 0:00:22]} 40. Rxb7 {[%emt 0:00:28]} a5 {[%emt 0:00:23]} 41. Be7 {[%emt 0:01:13]} Bxe7 {[%emt 0:00:38]} 42. Rxe7 {[%emt 0:00:22]} Ra4 {[%emt 0:00:33]} 43. Kd5 {[%emt 0:00:29]} Ra2 {[%emt 0:00:25]} 44. Re6+ {[%emt 0:00:30]} Kg7 {[%emt 0:00:25]} 45. Ra6 {[%emt 0:00:28]} h4 {[%emt 0:00:22]} 46. e6 {[%emt 0:00:34]} Rxg2 {[%emt 0:00:22]} 47. Ra7+ {[%emt 0:00:42]} Kg6 {[%emt 0:00:30]} 48. Ra8 {[%emt 0:00:32]} Re2 {[%emt 0:00:52]} 49. Rg8+ {[%emt 0:00:27]} Kf6 {[%emt 0:00:27]} 50. Rf8+ {[%emt 0:00:22]} Kg5 {[%emt 0:00:38]} 51. Kd6 {[%emt 0:00:29]} h3 {[%emt 0:00:23]} 52. e7 {[%emt 0:00:35]} h2 {[%emt 0:00:22]} 53. Rf1 {[%emt 0:00:22]} Kg4 {[%emt 0:00:33]} 54. Kd7 {[%emt 0:00:32]} Kg3 {[%emt 0:00:21]} 55. d5 {[%emt 0:00:31]} Kg2 {[%emt 0:00:23]} 56. Rd1 {[%emt 0:00:31]} h1=Q {[%emt 0:00:23]} 57. Rxh1 {[%emt 0:00:22]} Kxh1 {[%emt 0:00:21]} 58. d6 {[%emt 0:00:23]} a4 {[%emt 0:00:21]} 59. e8=Q {[%emt 0:00:53]} Rxe8 {[%emt 0:00:22]} 60. Kxe8 {[%emt 0:00:21]} a3 61. d7 a2 {[%emt 0:00:42]} 62. d8=Q {[%emt 0:01:23]} a1=Q {[%emt 0:00:22]} 63. Qh4+ {[%emt 0:00:00]} Kg2 {[%emt 0:00:22]} 64. Qxh7 {[%emt 0:00:08]} Qa8+ {[%emt 0:00:22]} 65. Kf7 {[%emt 0:00:21]} Qb7+ {[%emt 0:00:20]} 1/2-1/2